00821nam a2200205 i 4500001000700000003000900007005001700016007000300033008004100036100004300077245009500120260004100215300002000256505007000276650004600346650005600392852002500448999001900473952012300492109130ES-MaACL20231111062530.0t|061121s1903 sp |||| | spa d1 aMudarra y Párraga, Prudencio.98402410aLecciones de literatura general y literatura española / cPrudencio Mudarra y Párraga. aMadrid : bM.G. Hernández, c1903. a2 v. ; c21 cm.8 aContiene: I ; tLiteratura general - II ; tLiteratura española aLiteratura-xHistoria y crítica.914489 4aLiteratura española-xHistoria y crítica914560 aES-MaACLjB-12462-63 c109130d109130 00104070aATENEOMbATENEOMcSPBd2008-01-17eSCl0oB-12462-63p1113868r2023-02-23 00:00:00w2023-02-23yMONOGRAFIA